[Event "Terre degli Elimi op 5th"]
[Site "Erice"]
[Date "2014.07.25"]
[Round "9"]
[White "Santagati, Alessandro"]
[Black "Di Misa, Salvatore"]
[Result "1-0"]
[WhiteElo "2216"]
[BlackElo "1962"]
[PlyCount "53"]
[EventDate "2014.07.19"]
[EventType "swiss"]
[EventRounds "9"]
[EventCountry "ITA"]
[SourceTitle "CBM 161 Extra"]
[Source "ChessBase"]
[SourceDate "2014.08.29"]
[SourceVersion "1"]
[SourceVersionDate "2014.08.29"]
[SourceQuality "1"]

1. e4 e6 2. d4 d5 3. Nc3 Nf6 4. Bg5 Be7 5. e5 Nfd7 6. h4 Bxg5 7. hxg5 a6 8. Qg4 c5 9. g6 f5 10. Qg3 h6 11. Nf3 Rg8 12. 0-0-0 Nc6 13. dxc5 Nxc5 14. Bd3 Nxd3+ 15. Rxd3 Qa5 16. Qf4 Ne7 17. g4 Nxg6 18. Qh2 Ne7 19. Qh5+ g6 20. Qxh6 Bd7 21. Qh7 Qb4 22. gxf5 gxf5 23. Nd4 Rg6 24. Qh8+ Rg8 25. Qf6 Rf8 26. Rh8 0-0-0 27. Rxf8 1-0

[Event "Terre degli Elimi op 4th"]
[Site "Erice"]
[Date "2013.07.27"]
[Round "5"]
[White "Adrian, Claude"]
[Black "Di Misa, Salvatore"]
[Result "1-0"]
[WhiteElo "2221"]
[BlackElo "1962"]
[PlyCount "61"]
[EventDate "2013.07.24"]
[EventType "swiss"]
[EventRounds "7"]
[EventCountry "ITA"]
[SourceTitle "EXT 2015"]
[Source "ChessBase"]
[SourceDate "2014.11.20"]
[SourceVersion "1"]
[SourceVersionDate "2014.11.20"]
[SourceQuality "1"]

1. Nf3 c5 2. c4 Nc6 3. Nc3 e6 4. g3 Nf6 5. Bg2 b6 6. d4 cxd4 7. Nxd4 Bb7 8. 0-0 Rc8 9. Ndb5 Na5 10. b3 Bxg2 11. Kxg2 d5 12. Nxa7 Rc7 13. Nab5 Rd7 14. cxd5 Nxd5 15. Qc2 Qc8 16. Bb2 Bb4 17. Rac1 Nxc3 18. Nxc3 Rc7 19. Qe4 Bxc3 20. Rxc3 Rxc3 21. Bxc3 0-0 22. Rc1 Qd7 23. Qd4 Qb7+ 24. Kg1 f6 25. Qd6 Qc6 26. Qxc6 Nxc6 27. Bxf6 Nb4 28. Be5 Nxa2 29. Rc6 b5 30. Bb2 Ra8 31. f4 1-0

[Event "Porto San Giorgio op 23rd"]
[Site "Porto San Giorgio"]
[Date "2011.08.27"]
[Round "8"]
[White "De Felice, Michele"]
[Black "Di Misa, Salvatore"]
[Result "0-1"]
[WhiteElo "1870"]
[BlackElo "1957"]
[PlyCount "68"]
[EventDate "2011.08.21"]
[EventType "swiss"]
[EventRounds "9"]
[EventCountry "ITA"]
[SourceTitle "CBM 144 Extra"]
[Source "ChessBase"]
[SourceDate "2011.10.28"]
[SourceVersion "1"]
[SourceVersionDate "2011.10.28"]
[SourceQuality "1"]

1. d4 d5 2. Nf3 Nf6 3. e3 e6 4. Bd3 Nbd7 5. Nbd2 b6 6. 0-0 Bb7 7. c3 c5 8. Qe2 Ne4 9. Bb5 Bd6 10. dxc5 Nexc5 11. b4 Ne4 12. Nxe4 dxe4 13. Nd4 0-0 14. Bxd7 Qxd7 15. Rd1 Qc7 16. Qg4 f5 17. Qe2 Rf6 18. a3 Bxh2+ 19. Kf1 Be5 20. g3 Rc8 21. Bb2 Bd5 22. Kg2 Bc4 23. Qd2 Rg6 24. Ne2 Bd5 25. Rg1 f4 26. Kf1 f3 27. Nf4 Bxf4 28. exf4 Bc4+ 29. Ke1 Rd8 30. Qe3 Qb7 31. Rd1 Rxd1+ 32. Kxd1 Qd5+ 33. Kc1 Bd3 34. Rh1 Qa2 0-1

[Event "Nicolo La Rosa op 17th"]
[Site "Mazara del Vallo"]
[Date "2009.08.08"]
[Round "4"]
[White "Di Misa, Salvatore"]
[Black "Montalbano, Federico"]
[Result "1-0"]
[WhiteElo "1851"]
[BlackElo "1509"]
[PlyCount "117"]
[EventDate "2009.08.07"]
[EventType "swiss"]
[EventRounds "6"]
[EventCountry "ITA"]
[SourceTitle "EXT 2011"]
[Source "ChessBase"]
[SourceDate "2010.11.26"]
[SourceVersion "1"]
[SourceVersionDate "2010.11.26"]
[SourceQuality "1"]

1. e4 e6 2. d4 d5 3. e5 c5 4. c3 Nc6 5. Nf3 Qb6 6. Bd3 cxd4 7. cxd4 Bd7 8. 0-0 Nxd4 9. Nbd2 Bc5 10. b4 Nxf3+ 11. Nxf3 Be7 12. Be3 Qd8 13. Qd2 f6 14. Rfe1 fxe5 15. Nxe5 Nf6 16. Bd4 0-0 17. Re3 Ne4 18. Bxe4 dxe4 19. Rxe4 Bf6 20. Rae1 Be8 21. Qe3 b6 22. Nf3 Bg6 23. Rxe6 Bf7 24. Bxf6 gxf6 25. Re7 Re8 26. Rxe8+ Qxe8 27. Qf4 Qd8 28. Nd4 Rc8 29. Nf5 Rc7 30. Nh6+ Kg7 31. Ng4 Bg6 32. h4 h5 33. Ne3 Re7 34. Rc1 Qd7 35. Rc4 Qe6 36. Qb8 Qf7 37. Qf4 Qe6 38. a3 a6 39. Rd4 Rd7 40. Rxd7+ Qxd7 41. Qc4 Bd3 42. Qd5 Qb5 43. Qxb5 Bxb5 44. Nd5 a5 45. Nxb6 axb4 46. axb4 Kg6 47. f3 Kf5 48. Kf2 Ke5 49. Ke3 f5 50. f4+ Kd6 51. Kd4 Kc6 52. Nc4 Ba6 53. Ne3 Bc8 54. Ke5 Kb5 55. Nxf5 Kxb4 56. Ng7 Bg4 57. f5 Bd1 58. f6 Bb3 59. Ne6 1-0

[Event "Nicolo La Rosa op 17th"]
[Site "Mazara del Vallo"]
[Date "2009.08.08"]
[Round "3"]
[White "Mangione, Claudio"]
[Black "Di Misa, Salvatore"]
[Result "1-0"]
[WhiteElo "2074"]
[BlackElo "1851"]
[PlyCount "57"]
[EventDate "2009.08.07"]
[EventType "swiss"]
[EventRounds "6"]
[EventCountry "ITA"]
[SourceTitle "EXT 2011"]
[Source "ChessBase"]
[SourceDate "2010.11.26"]
[SourceVersion "1"]
[SourceVersionDate "2010.11.26"]
[SourceQuality "1"]

1. d4 d5 2. c4 e5 3. e3 exd4 4. exd4 Nf6 5. Nc3 Nbd7 6. Nf3 dxc4 7. Bxc4 Nb6 8. Bb3 Bd6 9. 0-0 0-0 10. Bg5 Bg4 11. h3 Bh5 12. g4 Bg6 13. Ne5 Re8 14. f4 h6 15. Bh4 c5 16. dxc5 Bxc5+ 17. Kh2 Kf8 18. Re1 Qc7 19. Nb5 Qb8 20. Qf3 a6 21. Nc3 Bd6 22. Bg3 h5 23. Kg2 Re7 24. Rad1 Bh7 25. g5 Ng8 26. Qxh5 Bxe5 27. fxe5 Bg6 28. Qf3 Qe8 29. Rd6 1-0